1705 1673 1068 1101 1001 1534 1349 1149 1101 1222 1442 1078 1575 1304 1964 1152 1861 1317 1358 1890 1549 1964 1964 1490 1103 1483 1101 1717 1159 1212 1683 1792 1188 1472 1528 1908 1785 1975 1985 1815 1177 1633 1859 1954 1371 1140 1529 1598 1041 1265 1431 1646 1043 1965 1084 1115 1076 1540 1098 1953 1659 1523 1024 1907 1190 1635 1343 1838 1902 1414 1582 1248 1278 1593 1281 1846 1638 1129 1490 1729 1206 1302 1645 1936 1944 1534 1879 1183 1570 1533 1321 1793 1748 1622 1957 1918 1715 1712 1360 BCNSPRNW ULIB Ver.6.0+V

เปลี่ยนเป็นภาษาไทย

Change to English
 แสดงรายละเอียดบรรณานุกรม
  กลับหน้าหลัก

Brief Record : Get Marc (ISO 2709) : E-mail record : QR code < ปิดหน้าต่าง
LEADER : 00000nam 2200000uu 4500
001    13399112724
003     ULIB
008    110907s2551||||th 000 0 tha d
020    9789741068227
050 04 LB1027^bส748น 2551
100 0  สุคนธ์ สินธพานนท์
245 10 นวัตกรรมการเรียนการสอนเพื่อพัฒนาคุณภาพของเยาวชน /^cสุคนธ์ สินธพานนท์
250    พิมพ์ครั้งที่ 2
260    กรุงเทพฯ :^b9119 เทคนิคพริ้นติ้ง,^c2551
300    200 หน้า ;^c21 ซม
505 2  นวัตกรรมประเภทผลิตภัณฑ์หรือสิ่งประดิษฐ์ -- บทเรียนคอมพิวเตอร์มัลติมีเดีย -- การใช้เกมประกอบการสอน -- วิธีสอนโดยใช้เทคนิคการคิดแบบหมวกหกใบ -- วิธีสอนแบบโมเดลซิปปา -- วิธีสอนโดยการจัดการเรียนรู้แบบวัฏจักรการเรียนรู้
650  7 การสอนด้วยสื่อ
650  7 เทคโนโลยีทางการศึกษา
945    ^p180^l0^i024109
945    ^p180^l0^i024110
995    ทศพร
999 ^a ทศพร
รายการนี้ยังไม่มีแท็ก
คุณยังไม่ได้ล็อกอิน คุณสามารถมีกิจกรรมร่วมกับเว็บไซต์ได้ แต่ต้องล็อกอินก่อน ::
  ล็อกอิน

รายการสื่อสารสนเทศ

ลำดับที่ ประเภท เลขเรียก/บาร์โค้ด สถานที่ สถานะ
- ไม่พบข้อมูล -

รายการใกล้เคียง
    ผู้แต่ง [สุคนธ์ สินธพานนท์]

    หัวเรื่อง [การสอนด้วยสื่อ]
    หัวเรื่อง [เทคโนโลยีทางการศึกษา]

BibComment


ยังไม่เคยถูกคอมเมนท์

คอมเมนท์ทรัพยากรรายการนี้
  คอมเมนท์: นวัตกรรมการเรียนก..


 Copyright 2026. Bcnsprnw @Library